000 01132cam a2200289 a 4500
001 4870314
005 20260313113135.0
008 921030s1993 nyu b 001 0 eng
020 _a0898629934
_qacid-free paper
020 _a0898622719 (pbk. : acidfree paper) :
_c$17.95
020 _a9780898629934
_q(acid-free paper)
020 _a9780898622713
050 0 0 _aHQ1090
_b.K86 1993
082 0 0 _a155.3/32
_220
100 1 _aKupers, Terry Allen.
245 1 0 _aRevisioning men's lives :
_bgender, intimacy, and power /
_cTerry A. Kupers.
260 _aNew York :
_bGuilford Press,
_cc1993.
300 _aviii, 200 p. ;
_c23 cm.
650 0 _aMen
_xPsychology.
650 0 _aMasculinity.
650 0 _aSex role.
856 4 2 _3Contributor biographical information
_uhttp://www.loc.gov/catdir/bios/guilford051/92036142.html
856 4 2 _3Publisher description
_uhttp://www.loc.gov/catdir/description/guilford051/92036142.html
856 4 1 _3Table of contents
_uhttp://www.loc.gov/catdir/toc/guilford041/92036142.html
856 4 1 _3Sample text
_uhttp://www.loc.gov/catdir/enhancements/fy0651/92036142-s.html
942 _2lcc
_cBK
_n0
999 _c9010
_d9010